आचार्य अत्रे झंझावत (Record no. 101926)

MARC details
000 -LEADER
fixed length control field 00554nam a2200157Ia 4500
008 - FIXED-LENGTH DATA ELEMENTS--GENERAL INFORMATION
fixed length control field 090124s9999 xx 000 0 und d
082 ## - DEWEY DECIMAL CLASSIFICATION NUMBER
Item number 35925
245 ## - TITLE STATEMENT
Title आचार्य अत्रे झंझावत
250 ## - EDITION STATEMENT
Edition statement 0
260 ## - PUBLICATION, DISTRIBUTION, ETC. (IMPRINT)
Name of publisher, distributor, etc शलाका प्रकाशन
300 ## - PHYSICAL DESCRIPTION
Extent 72
630 ## - SUBJECT ADDED ENTRY--UNIFORM TITLE
Uniform title आचार्य अत्रे झंझावत
700 ## - ADDED ENTRY--PERSONAL NAME
Personal name खाडिलकर नीलकंठ (संपादक नवाकाऴ)
730 ## - ADDED ENTRY--UNIFORM TITLE
Uniform title आचार्य अत्रे झंझावत
942 ## - ADDED ENTRY ELEMENTS (KOHA)
Koha item type Book
Holdings
Withdrawn status Lost status Damaged status Not for loan Home library Current library Date acquired Cost, normal purchase price Total Checkouts Full call number Barcode Date last seen Cost, replacement price Price effective from Koha item type
        Nagar Wachan Mandir, Thane Nagar Wachan Mandir, Thane   25.00   35925 THNNWM-35925 01/24/2009 25.00 01/24/2009 Book